000 00433nam a2200157Ia 4500
008 210716s2002 xx 000 0 und d
020 _a9781852333987
041 _aeng
082 _a006.4 BENM
100 _aBennamoun, M;Mamic, G J.
245 _aObject recognition: fundamentals and case studies.
_bFundamentals and case studies.
250 _a1
260 _aNew Delhi
_bSpringer
_c2002
300 _axiii,350
650 _aNone
999 _c192050
_d192050